Normal view
MARC view
Entry Nombre personal
001 - NÚMERO DE CONTROL
- campo de control: 1125
003 - IDENTIFICADOR DEL NÚMERO DE CONTROL
- campo de control: FranzMayer
005 - FECHA Y HORA DE LA ÚLTIMA TRANSACCIÓN
- campo de control: 20190320202951.0
008 - DATOS DE LONGITUD FIJA
- campo de control de longitud fija: 190320|| aca||aabn | a|a d
040 ## - FUENTE DE LA CATALOGACIÓN
- Centro catalogador/agencia de origen: FranzMayer
- Centro/agencia transcriptor: FranzMayer
100 ## - ENCABEZAMIENTO-NOMBRE DE PERSONA
- Nombre de persona: Medley, Margaret
670 ## - FUENTE DE DATOS ENCONTRADOS
- Cita de la fuente: Work cat.: (FranzMayer): Medley, Margaret, T´ang Pottery & Porcelain, 1981